000 00958cab a22001935a 4500
001 L143482
008 080514e20080507xxk f 000 0 eng d
035 _a(Sirsi) u143482
041 0 _aeng
100 1 _aPrior, Grant
245 0 0 _aSector rock solid despite downturn?
260 _c2008
490 0 _aContract Journal
_v443(6674) 7 May 2008, 13-15(3)
520 _aDiscusses prospects for the UK construction industry in the wake of the credit crunch and provides a five year construction forecast. Suggests that construction is in a good position to weather the economic storm because of consistent growth over the past 10 years and nearly 90 000 workers required every year up to 2012. By 2012 construction output across in the industry will have increased by a third since 2000, with construction growth forecast to peak in 2011.
590 _aKA
651 4 _aUnited Kingdom
_y
690 _aBUILT ENVIRONMENT-CONSTRUCTION MARKET
942 _n0
999 _c80203
_d80203